000 01072nam2a2200229 4500
001 rc\2868188
005 20260315051504.0
035 _a(NLR Aleph) 007021827
090 _a13581758
_c13581758
100 _a20110712d1937 u y0rusy50 ca
101 0 _arus
102 _aRU
105 _ay z |||||
200 1 _aКак правильно кормить и ходить за цыплятами
210 _d[1937]
215 _a[4] с.
461 0 _1001rc\2868185
_12001#$aˆ[‰Издания]$eЛистовка № 1-$fЦентр. яично-птичный союз с. х. кооперации "Птицеводсоюз"$v№ 3
_95916325
_aЦентральный яично-птичный союз сельско-хозяйственной кооперации
_c[Москва]
_d[1927]
_fЦентр. яично-птичный союз с. х. кооперации "Птицеводсоюз"
_nБ. и.
_oЛистовка № 1-
_tˆ[‰Издания]
_v№ 3
801 0 _aRU
_bNLR
_gpsbo
801 1 _aRU
_bELAR
_2rusmarc
852 _aNLR
_j97/1141
942 _cUNSPEC
980 _aNB